000 00403nam a2200133Ia 4500
008 100328s9999 xx 000 0 und d
082 _b57608
100 _aमराठे रमा
245 _aहसतं जगावं
260 _bमेहता पब्लिशिंग हाऊस
630 _aहसतं जगावं
730 _aहसतं जगावं
942 _cBOOK
999 _c544045
_d544042